MARC

LEADER 00000nam0a2200000 4500
001 155560
005 20231031152513.0
035 |a (RuTPU)RU\TPU\book\168738 
090 |a 155560 
100 |a 20090317d1953 km y0rusy50 ca 
101 0 |a rus 
102 |a RU 
105 |a a z 001zy 
200 1 |a Методы расчета сооружений на вибрацию и удар  |f Н. К. Снитко 
210 |a Ленинград  |c Изд-во литературы по строительству, архитектуре и строительным материалам  |d 1953  |a Ленинград 
215 |a 288 с.  |c ил. 
320 |a Библиогр.: с. 282-285. 
610 1 |a строительная механика 
610 1 |a строительные конструкции 
610 1 |a строительные сооружения 
610 1 |a расчеты 
610 1 |a расчеты на прочность 
610 1 |a вибрации 
610 1 |a вибрационная надежность 
610 1 |a ударная прочность 
610 1 |a удар 
610 1 |a методы 
610 1 |a стержневые системы 
610 1 |a колебательные системы 
610 1 |a сжатые стержни 
610 1 |a динамическая устойчивость 
675 |a 624.04  |v 3 
700 1 |a Снитко  |b Н. К. 
801 1 |a RU  |b 63413507  |c 20090317  |g PSBO 
801 2 |a RU  |b 63413507  |c 20150921  |g RCR 
942 |c BK